Principles of Banking Law / (Record no. 3777)
[ view plain ]
| 000 -LEADER | |
|---|---|
| fixed length control field | 01191cam a22001934a 4500 |
| 020 ## - INTERNATIONAL STANDARD BOOK NUMBER | |
| ISBN | 9988788111 |
| 050 00 - CALL NUMBER | |
| Classification number | KF974 |
| 100 1# - AUTHOR | |
| Personal name | Anim-Addo, Fred. |
| 245 10 - TITLE | |
| Title | Principles of Banking Law / |
| Statement of responsibility, etc | F.K. Anim-Addo. |
| 250 ## - EDITION | |
| Edition statement | 3rd ed. |
| 260 ## - PUBLICATION INFORMATION | |
| Place of publication | [Accra] : |
| Name of publisher | Chartered Institute of Bankers (Gh), |
| Year of publication | 2007. |
| 300 ## - DESCRIPTION | |
| Number of Pages | x, 266 p. : |
| Other physical details | ill. ; |
| Dimensions | 30 cm. |
| 440 #0 - SERIES | |
| SERIES | Bankers workbook series |
| 500 ## - NOTES | |
| General note | "Recommended reading for the associateship examinations"--Cover. |
| 505 ## - FORMATTED CONTENTS NOTE | |
| Table of Content | Unit 1. The origins of common law and equity <br/>Unit 2. Sources of our law - The Ghana common law<br/>Unit 3. Ghana customary law <br/>Unit 4. The difference kinds of land ownership known under Ghana customary law <br/>Unit 5. Intestate succession law, 1985 (PNDC Law 111)<br/>Unit 6. Intestate succession<br/>Unit 7. Mortgages <br/>Unit 8. Incorporation (Generally) <br/>Unit 9. Contracts (Generally) <br/>Unit 10. Special contracts<br/>Unit 11. Torts <br/>Unit 12. Negotiable instruments <br/>Unit 13. Miscellaneous subjects:<br/> Limitation of actions <br/> Priority of contract <br/> Interpretation of statutes <br/> Bank/customer relationship |
| 650 #0 - SUBJECTS | |
| Topical Term | Banking law |
| 650 #0 - SUBJECTS | |
| Topical Term | Banking law |
| 942 ## - ADDED ENTRY ELEMENTS (KOHA) | |
| Koha item type | Books |
| Withdrawn status | Lost status | Collection code | Home library | Current library | Shelving location | Date acquired | Full call number | Accession Number | Koha item type |
|---|---|---|---|---|---|---|---|---|---|
| Reference | Methodist University Library Main | Methodist University Library Main | General Stacks | 25/06/2008 | KKRX885.An5 | 20444 | Books | ||
| Reference | Methodist University Library Main | Methodist University Library Main | General Stacks | 25/06/2008 | KKRX885.An5 | 20445 | Books | ||
| Reference | Methodist University Library Main | Methodist University Library Main | General Stacks | 25/06/2008 | KKRX885.An5 | 4306 | Books | ||
| Reference | Methodist University Library Main | Methodist University Library Main | General Stacks | 25/06/2008 | KRX885.An5 | 4305 | Books |